00660nam a22002057a 450000500170000001000130001702000230003003500130005303700160006604000120008208200160009424500640011026000790017427000550025330000240030850000500033265000250038265000300040770000170043720170124105949.0 aA-585021 c325.00a8185835179 aA-585021 bCen Lib/Ret aDPLbEN a302.14bPRA aTowards understanding communalism /cedited by Pramod Kumar aChandigarh bCentre for Research in Rural and Industrial Developmentc1992 a2-A, Sector 19-A, Madhya MargbChandigarh e160019 axxx,557p.c24cm(Hb) aIncludes bibliographical references and index aCommunalism -- India aIndia -- Ethnic relations aPramod Kumar